|
|
|
|
| LEADER |
01957nam a2200397 i 4500 |
| 001 |
EBC3433504 |
| 003 |
MiAaPQ |
| 005 |
20200520144314.0 |
| 006 |
m o d | |
| 007 |
cr cnu|||||||| |
| 008 |
150709t20152015gw a ob 000 0 ger d |
| 020 |
|
|
|z 9783862198023
|
| 020 |
|
|
|a 9783862198030 (e-book)
|
| 035 |
|
|
|a (MiAaPQ)EBC3433504
|
| 035 |
|
|
|a (Au-PeEL)EBL3433504
|
| 035 |
|
|
|a (CaPaEBR)ebr11071303
|
| 035 |
|
|
|a (OCoLC)951034938
|
| 040 |
|
|
|a MiAaPQ
|b eng
|e rda
|e pn
|c MiAaPQ
|d MiAaPQ
|
| 050 |
|
4 |
|a RC502
|b .H378 2015
|
| 082 |
0 |
|
|a 616.8917
|2 23
|
| 100 |
1 |
|
|a Hartmann, Lorena Katahrina,
|e author.
|
| 245 |
1 |
0 |
|a Mentalisierungsforderung als professionalisierter Erkenntnisprozess :
|b eine empirische Studie zur psychoanalytischen Fallsupervision bei fruhpadagogischem Fachpersonal /
|c Lorena Katahrina Hartmann.
|
| 264 |
|
1 |
|a Kassel, [Germany] :
|b kassel university press,
|c 2015.
|
| 264 |
|
4 |
|c 2015
|
| 300 |
|
|
|a 1 online resource (335 pages) :
|b illustrations (some color), graphs
|
| 336 |
|
|
|a text
|2 rdacontent
|
| 337 |
|
|
|a computer
|2 rdamedia
|
| 338 |
|
|
|a online resource
|2 rdacarrier
|
| 504 |
|
|
|a Includes bibliographical references.
|
| 588 |
|
|
|a Description based on online resource; title from PDF title page (ebrary, viewed July 9, 2015).
|
| 590 |
|
|
|a Electronic reproduction. Ann Arbor, MI : ProQuest, 2015. Available via World Wide Web. Access may be limited to ProQuest affiliated libraries.
|
| 650 |
|
0 |
|a Psychoanalysis
|x Study and teaching
|x Supervision.
|
| 655 |
|
4 |
|a Electronic books.
|
| 776 |
0 |
8 |
|i Print version:
|a Hartmann, Lorena Katahrina.
|t Mentalisierungsforderung als professionalisierter Erkenntnisprozess : eine empirische Studie zur psychoanalytischen Fallsupervision bei fruhpadagogischem Fachpersonal.
|d Kassel, [Germany] : kassel university press, c2015
|h 333 pages
|z 9783862198023
|
| 797 |
2 |
|
|a ProQuest (Firm)
|
| 856 |
4 |
0 |
|u https://ebookcentral.proquest.com/lib/matrademy/detail.action?docID=3433504
|z Click to View
|